| 000 -LEADER |
| fixed length control field |
00415nam a22001337a 4500 |
| 008 - FIXED-LENGTH DATA ELEMENTS--GENERAL INFORMATION |
| fixed length control field |
120330t xxu||||| |||| 00| 0 eng d |
| 050 ## - LIBRARY OF CONGRESS CALL NUMBER |
| Classification number |
BX 8765.5 |
| Item number |
.Z8 B48 |
| 100 ## - MAIN ENTRY--PERSONAL NAME |
| Personal name |
Betzer, Dan. |
| 9 (RLIN) |
1165 |
| 245 ## - TITLE STATEMENT |
| Title |
Safe at home. |
| 260 ## - PUBLICATION, DISTRIBUTION, ETC. (IMPRINT) |
| Place of publication, distribution, etc |
Springfield, Mo. |
| Name of publisher, distributor, etc |
The General Council of the Assemblies of God |
| -- |
Revivaltime Media Ministries |
| Date of publication, distribution, etc |
1991. |
| 300 ## - PHYSICAL DESCRIPTION |
| Extent |
29 pgs. |
| Dimensions |
19 cm. |
| 600 ## - SUBJECT ADDED ENTRY--PERSONAL NAME |
| Personal name |
Betzer, Dan. |
| 9 (RLIN) |
1165 |
| 942 ## - ADDED ENTRY ELEMENTS (KOHA) |
| Source of classification or shelving scheme |
|
| Item type |
Books |